000 00599cam a22002293a 4500
001 15943
003 PGUSA
005 20140828083336.0
008 050530s2005||||xxu|||||s|||||000 1 eng d
040 _aPGUSA
_beng
042 _adc
050 4 _aPQ
100 1 _aAdam, Paul,
_d1862-1920
245 1 0 _aLe conte futur
_h[electronic resource] /
_cPaul Adam
260 _bProject Gutenberg,
_c2005
506 _aPublic domain in the USA.
516 _aElectronic text
653 _aFiction
830 0 _aProject Gutenberg
_v15943
856 4 0 _uhttp://www.gutenberg.org/ebooks/15943
942 _cEB
999 _c245198
_d245198